logo

Bir Sreshtho Munshi Abdur Rouf Library
Jhenaidah Cadet College

A Study of History / (Record no. 4378)

MARC details
000 -LEADER
fixed length control field 00532nam a2200205 a 4500
001 - CONTROL NUMBER
JCCL Control Number 4378
003 - CONTROL NUMBER IDENTIFIER
JCCL marc code BD-JhCC
005 - DATE AND TIME OF LATEST TRANSACTION
control field 20171129120447.0
008 - FIXED-LENGTH DATA ELEMENTS--GENERAL INFORMATION
fixed length control field 171126s1962 b ||||| |||| 00| 0 eng d
035 ## - SYSTEM CONTROL NUMBER
system control number (BD-JhCC)
040 ## - CATALOGING SOURCE
Original cataloging agency BD-JhCC
Modifying agency BD-JhCC
041 ## - LANGUAGE CODE
Language code of Book eng
082 ## - DEWEY DECIMAL CLASSIFICATION NUMBER
Classification number 907.2
Author mark and Year TOY 1962
100 ## - MAIN ENTRY--PERSONAL NAME
Personal name j. Toynbee, Arnold
245 ## - TITLE STATEMENT
Title A Study of History /
Statement of responsibility, etc Arnold j. Toynbee
260 ## - PUBLICATION, DISTRIBUTION, ETC. (IMPRINT)
Place of publication, distribution, etc London :
Name of publisher, distributor, etc Oxford University press,
Date of publication, distribution, etc 1962
300 ## - PHYSICAL DESCRIPTION
Pagination 633 p. :
Dimensions 22cm.
650 ## - SUBJECT ADDED ENTRY--TOPICAL TERM
Topical term or geographic name as entry element History
General subdivision Study snd teaching
942 ## - ADDED ENTRY ELEMENTS (KOHA)
Source of classification or shelving scheme Dewey Decimal Classification
Koha item type Books
Holdings
Source of classification or shelving scheme Damaged status Not for loan Home library Current library Shelving location Date of accession Total Checkouts Full call number Barcode Date last seen Copy number Koha item type volume number
Dewey Decimal Classification     JCC Rouf Library JCC Rouf Library General Stacks 11/26/2017   907.2 TOY 1962 5854 11/26/2017 C-1 Books  
Dewey Decimal Classification     JCC Rouf Library JCC Rouf Library General Stacks 11/29/2017   907.2 TOY 1962 6368 11/29/2017   Books V-4
Dewey Decimal Classification     JCC Rouf Library JCC Rouf Library General Stacks 02/08/2018   907.2 TOY 1962 10014 02/08/2018 C-1 Books V-9

JCC Library | Contacts | JCC Home

Last Update on 23 September 2017
Copyright @ 2017-2020 JCC Rouf Library
Rouf Library, Jhenidah Cadet College (JCC), Bangladesh